000 003900000a22001450004500
090 _aAR
_b01988
245 1 0 _aAnother monophyly index: revisiting the jackknife
650 1 4 _aFilogenética
_94310
650 1 4 _aCladística
_912117
650 1 4 _aTaxonomía
_992343
041 0 _aInglés
100 1 _aSiddall, Mark E.
_995431
942 _cARTICULO
773 1 _tCladistics
_3468
_h11
_q33-56
_d1995
999 _c11065
_d11065